| 000 | 01662cam a22004214i 4500 | ||
|---|---|---|---|
| 003 | PE-LiUPU | ||
| 005 | 20250731173143.0 | ||
| 008 | 150623s r 000 0 d | ||
| 035 | _a(Sirsi) a27642 | ||
| 040 |
_aPE-LiUPU _bspa _cPE-LiUPU _erda |
||
| 082 | 0 | 4 |
_a232.3 _bH36O _221 |
| 100 | 1 |
_aHeppenstall, Edward., _eautor. |
|
| 245 | 1 | 0 |
_aOur high priest / _cEdward Heppenstall. |
| 264 | 1 |
_aWashington : _bReview and Herald Publishing Association, _c1972. |
|
| 300 |
_a254 páginas ; _c20 cm. |
||
| 336 |
_atext _2rdacontent |
||
| 337 |
_aunmediated _2rdamedia |
||
| 338 |
_avolume _2rdacarrier |
||
| 500 | _aExiste otra edición en español. | ||
| 505 | 0 | _aAn essential bible truth. Meaning of atonement. Christ our sacrifice. Christ our high priest. Day of Atonement. The pre-Advent judgment. Judgment according to works. the seventy weeks. Then shall the santuary emerge victorious. The hour of God's second coming. The remnant church of God. | |
| 526 | _aSEG42 | ||
| 526 | _aSEG41 | ||
| 526 | _aSEG40 | ||
| 526 | _aSEG39 | ||
| 526 | _aP94 | ||
| 526 | _aP87 | ||
| 526 | _aP86 | ||
| 526 | _aP85 | ||
| 526 | _aP77 | ||
| 526 | _aP76 | ||
| 526 | _aP35 | ||
| 600 | 1 |
_aJesucristo _xSumo sacerdote |
|
| 942 |
_2ddc _cBOOK |
||
| 949 |
_a232.3 H36O _wDEWEY _c1 _i52940 _lCCODEBUL1 _mBUL _p17.00 _r0 _sY _tBOOK _u2015-06-24 _xTEOLOGIA _PP35 _0COMPRA _o.STAFF. Colección General |
||
| 596 | _a1 | ||
| 999 |
_a232.3 H36O _wDEWEY _c34803 _i52940 _f2021-11-10 _g5 _lCCODEBUL1 _mBUL _p17.00 _r0 _sY _tBOOK _u2015-6-24 _xTEOLOGIA _PP35 _0COMPRA _o.STAFF. Colección General _d34803 |
||
| 980 |
_81 _gALBERTO SANCHEZ Responsable de Automatización |
||